Countries of Europe quiz - Statistics

General Stats
  • This quiz has been taken 16 times
  • The average score is 46 of 51
Answer Stats
Answer % Correct
Albania
100%
Belgium
100%
Denmark
100%
Estonia
100%
France
100%
Greece
100%
Iceland
100%
Ireland
100%
Italy
100%
Netherlands
100%
North Macedonia
100%
Portugal
100%
Spain
100%
United Kingdom
100%
Andorra
93%
Belarus
93%
Croatia
93%
Czech Republic
93%
Germany
93%
Latvia
93%
Liechtenstein
93%
Malta
93%
Norway
93%
Poland
93%
Russia
93%
San Marino
93%
Serbia
93%
Slovakia
93%
Slovenia
93%
Sweden
93%
Switzerland
93%
Turkey
93%
Ukraine
93%
Vatican City
93%
Austria
86%
Bosnia and Herzegovina
86%
Cyprus
86%
Finland
86%
Hungary
86%
Lithuania
86%
Luxembourg
86%
Moldova
86%
Monaco
86%
Montenegro
86%
Romania
86%
Bulgaria
79%
Kosovo
79%
Armenia
64%
Georgia
64%
Azerbaijan
57%
Kazakhstan
50%
No matching quizzes found
Score Distribution
Percent of People with Each Score
Percentile by Number Answered
Your Score History
You have not taken this quiz